Media Representation of Intergenerational Relationships. A study of parent-child dynamics.

Bibliográfiai részletek
Szerző: Kadyrzhanova Elima Ulanbekovna
További közreműködők: Furcsa Dr. Laura
Dokumentumtípus: TDK dolgozat
Kulcsszavak:gender and identity
generational communication
media representation
Mother–daughter relationships
qualitative analysis
Online Access:http://dolgozattar.uni-bge.hu/60522

MARC

LEADER 00000nta a2200000 i 4500
001 dolg60522
005 20260416073838.0
008 260416suuuu hu o 000 eng d
040 |a BGE Dolgozattár Repozitórium  |b hun 
041 |a en 
100 1 |a Kadyrzhanova Elima Ulanbekovna 
245 1 0 |a Media Representation of Intergenerational Relationships. A study of parent-child dynamics.  |c Kadyrzhanova Elima Ulanbekovna  |h [elektronikus dokumentum] 
516 |a Students_Scientific_Association_paper 
520 3 |a This research investigates how more recent film and television represent mother-daughter relationships and how young female audiences interpret these representations in relation to their own family communication and generational identity. The topic is modern, as streaming media increasingly present families and women's roles in new and culturally hybrid ways.Five texts were selected for research:Turning Red(2022), Ginny&Georgia (2021-present), Everything Everywhere All At Once (2022), The Fabelmans(2022), and Encanto(2021). The texts all represent parent-child relationships, but the focus is on the mother-daughter relationships as a site of intergenerational tension, identification, and negotiation. Qualitative research will take place in this research with an integration of text analysis and semi-structured interviews of young woman who are well familiar with the selected works.The theoretical model integrates Encoding/Decoding Theory (Hall, 1980), Cultivation Theory (Gerbner, 1976), and Family Communication Patterns Theory (Koerner & Fitzpatrick, 2002). These theories permit the examination of how media encode cultural meaning around motherhood and how audiences decode it through personal and cultural experience.Early studies indicate that modern representations break away from known hierarchies, setting daughters and mothers as co-narrators of one another's emotional growth. Readers recognize these narratives as a reflections of their own generation's challenges in managing autonomy and belonging and reframing femininity in multiple contexts. The studies contribute to communication and media studies by showing how audiovisual narrative represents and creates new trends of intergenerational perception and interaction. 
695 |a gender and identity 
695 |a generational communication 
695 |a media representation 
695 |a Mother–daughter relationships 
695 |a qualitative analysis 
700 1 |a Furcsa Dr. Laura  |e ths 
856 4 0 |u http://dolgozattar.uni-bge.hu/60522/1/TDK.IntergenerationalRelationaships%20%285%29.pdf  |z Dokumentum-elérés 
856 4 0 |u http://dolgozattar.uni-bge.hu/60522/2/01_Resume_2025_template%20%282%29EK1.pdf  |z Dokumentum-elérés 
856 4 0 |u http://dolgozattar.uni-bge.hu/60522/3/08%20BGE%20TDK_AUTHORS%20CONSENT%202025%20HUN%20ENG%20%282%29EK1_signed.pdf  |z Dokumentum-elérés 
856 4 0 |u http://dolgozattar.uni-bge.hu/60522/4/01_Resume_2025_template%20%282%29EK1.docx  |z Dokumentum-elérés 
856 4 0 |u http://dolgozattar.uni-bge.hu/60522/5/05_Paper_evaluation_form_2025_Kadyrzhanova%20Elima_BoldogD-v2.pdf  |z Dokumentum-elérés 
856 4 0 |u http://dolgozattar.uni-bge.hu/60522/6/Kadyrzhanova%20Elima-%20Research%20Evaluation.pdf  |z Dokumentum-elérés